00393nam a22001337a 450000500170000000800410001702000220005810000200008024500480010026000370014830000150018550000220020070000370022220250113144949.0250113b |||||||| |||| 00| 0 eng d a978-0-470-26056-2 aBURKE WARNER W. aORGANIZATION CHANGE: A COMPREHENSIVE READER aSAN FRANCISCObJOSSEY-BASSc2009 aXVII,998P. aINCLUDES AN INDEX aDALE G. LAKE, JILL WAYMIRE PAINE